<?xml version="1.0" encoding="UTF-8"?>
<record
    xmlns:xsi="http://www.w3.org/2001/XMLSchema-instance"
    xsi:schemaLocation="http://www.loc.gov/MARC21/slim http://www.loc.gov/standards/marcxml/schema/MARC21slim.xsd"
    xmlns="http://www.loc.gov/MARC21/slim">

  <leader>00971nam a22003137a 4500</leader>
  <controlfield tag="001">284</controlfield>
  <controlfield tag="003">FISKH</controlfield>
  <controlfield tag="005">20230316131153.0</controlfield>
  <controlfield tag="008">230316b        cb ||||| |||| 00| 0 eng d</controlfield>
  <datafield tag="040" ind1=" " ind2=" ">
    <subfield code="a">FISKH</subfield>
    <subfield code="b">eng</subfield>
    <subfield code="c">FISKH</subfield>
    <subfield code="d">FISKH</subfield>
  </datafield>
  <datafield tag="050" ind1=" " ind2=" ">
    <subfield code="a">PZ7</subfield>
  </datafield>
  <datafield tag="082" ind1=" " ind2=" ">
    <subfield code="a">823.3</subfield>
  </datafield>
  <datafield tag="100" ind1=" " ind2=" ">
    <subfield code="a">Odgers, Sally Farrell</subfield>
    <subfield code="d">1957-</subfield>
  </datafield>
  <datafield tag="245" ind1=" " ind2=" ">
    <subfield code="a">Team song /</subfield>
    <subfield code="c">by Sally Odgers illustrated by Mat Lin.</subfield>
  </datafield>
  <datafield tag="260" ind1=" " ind2=" ">
    <subfield code="a">Singapore</subfield>
    <subfield code="b">Scholastic</subfield>
    <subfield code="c">2009</subfield>
  </datafield>
  <datafield tag="300" ind1=" " ind2=" ">
    <subfield code="a">61 p.</subfield>
    <subfield code="c">19 cm.</subfield>
  </datafield>
  <datafield tag="490" ind1=" " ind2=" ">
    <subfield code="a">Space Sports</subfield>
  </datafield>
  <datafield tag="490" ind1=" " ind2=" ">
    <subfield code="a">Out of this world</subfield>
  </datafield>
  <datafield tag="505" ind1=" " ind2=" ">
    <subfield code="a">N</subfield>
  </datafield>
  <datafield tag="520" ind1=" " ind2=" ">
    <subfield code="a">Jenna is a gun 3D player. Her twin brother Jaff just wants to make music together - and they just got their big break. Sport or music? It's a tough call.</subfield>
  </datafield>
  <datafield tag="521" ind1="8" ind2=" ">
    <subfield code="a">700 

</subfield>
    <subfield code="b">Lexile</subfield>
  </datafield>
  <datafield tag="521" ind1="8" ind2=" ">
    <subfield code="a">N 
</subfield>
    <subfield code="b">Raz-Plus</subfield>
  </datafield>
  <datafield tag="650" ind1=" " ind2=" ">
    <subfield code="a">Interplanetary voyages</subfield>
    <subfield code="v">Juvenile Fiction</subfield>
  </datafield>
  <datafield tag="700" ind1=" " ind2=" ">
    <subfield code="a">Lin, Matt</subfield>
  </datafield>
  <datafield tag="800" ind1=" " ind2=" ">
    <subfield code="a">Odgers, Sally Farrell</subfield>
    <subfield code="d">1957-</subfield>
  </datafield>
  <datafield tag="830" ind1=" " ind2=" ">
    <subfield code="a">Out of this world</subfield>
  </datafield>
  <datafield tag="830" ind1=" " ind2=" ">
    <subfield code="a">Space sports</subfield>
  </datafield>
  <datafield tag="942" ind1=" " ind2=" ">
    <subfield code="2">ddc</subfield>
    <subfield code="c">BK</subfield>
    <subfield code="n">0</subfield>
  </datafield>
  <datafield tag="999" ind1=" " ind2=" ">
    <subfield code="c">284</subfield>
    <subfield code="d">284</subfield>
  </datafield>
  <datafield tag="952" ind1=" " ind2=" ">
    <subfield code="0">0</subfield>
    <subfield code="1">0</subfield>
    <subfield code="2">ddc</subfield>
    <subfield code="4">0</subfield>
    <subfield code="7">0</subfield>
    <subfield code="8">JUVF</subfield>
    <subfield code="a">001</subfield>
    <subfield code="b">001</subfield>
    <subfield code="c">TK A103</subfield>
    <subfield code="d">2023-03-16</subfield>
    <subfield code="l">1</subfield>
    <subfield code="o">ODG 823.3 PZ7</subfield>
    <subfield code="p">2023-0022</subfield>
    <subfield code="r">2024-12-20 09:00:25</subfield>
    <subfield code="s">2024-09-13</subfield>
    <subfield code="t">1</subfield>
    <subfield code="w">2023-03-16</subfield>
    <subfield code="y">BK</subfield>
  </datafield>
  <datafield tag="952" ind1=" " ind2=" ">
    <subfield code="0">0</subfield>
    <subfield code="1">0</subfield>
    <subfield code="2">ddc</subfield>
    <subfield code="4">0</subfield>
    <subfield code="7">0</subfield>
    <subfield code="8">JUVF</subfield>
    <subfield code="a">001</subfield>
    <subfield code="b">001</subfield>
    <subfield code="c">TK A003</subfield>
    <subfield code="d">2023-03-16</subfield>
    <subfield code="l">1</subfield>
    <subfield code="o">ODG 823.3 PZ7</subfield>
    <subfield code="p">2023-0033</subfield>
    <subfield code="r">2025-10-03 08:25:07</subfield>
    <subfield code="s">2025-09-12</subfield>
    <subfield code="t">2</subfield>
    <subfield code="w">2023-03-16</subfield>
    <subfield code="y">BK</subfield>
  </datafield>
</record>
